| LEADER | 00616nam#a2200193#a#4500 | ||
|---|---|---|---|
| 001 | 002419 | ||
| 005 | 20160721142422.0 | ||
| 008 | 960613q1950####xxu#################eng#d | ||
| 040 | |a AR-BeUNQ | ||
| 099 | |a 29-A1 | ||
| 110 | 2 | |a American Chain Division (Nueva York) | |
| 245 | 0 | 0 | |a American welded chain and attachments |c American Chain Division (Nueva York). |
| 260 | |a Nueva York : |b American Chain, |c [195-] | ||
| 300 | |a 34 p. : |b gráficos, tablas | ||
| 650 | 7 | |a BUQUES |2 Spines | |
| 653 | |a CADENAS | ||
| 929 | |a COMPRA |b Secretaría de Planificación |d 4,00E |e 19981020 |g Exp. 0387/98 |j 16246 | ||
| 942 | |c LIB |n 0 | ||
| 999 | |c 5216 |d 80603 | ||